| 000 | 01175nam a22003017a 4500 | ||
|---|---|---|---|
| 005 | 20220817043904.0 | ||
| 008 | 030513d2002 mx bd rs 00110 spa d | ||
| 010 | _a87192 | ||
| 011 | _a88164 | ||
| 020 | _a9701340701 | ||
| 035 | _a98709 | ||
| 082 | 0 | 4 |
_a312.0972 _bI58 D. F. |
| 110 | 2 |
_aInstituto Nacional de Estadística, Geografía e Informática. México _959304 |
|
| 245 | 1 | 0 |
_aPerfil sociodemográfico del Distrito Federal _bcenso general de población y vivienda (12o.) 2000 _c/por INEGI |
| 260 |
_aAguascalientes, Ags. : _bInstituto Nacional de Estadística, Geografía e Informática, _c2002 |
||
| 300 |
_a168 p. : _bgráfs. ; mapas ; cuadros |
||
| 590 |
_aBATCH-UPD _b10 _c20130110 _lUCH01 _h1813 |
||
| 590 |
_aBATCH-UPD _b10 _c20130410 _lUCH01 _h1148 |
||
| 590 |
_aBATCH-UPD _b10 _c20130914 _lUCH01 _h1827 |
||
| 590 |
_aCONVERSION _b10 _c20130109 _lUCH01 _h1348 |
||
| 650 | 1 | 4 |
_aMéxico (D.F.) _xCondiciones económicas. _976812 |
| 650 | 1 | 4 |
_aMéxico (D.F.) _xCondiciones sociales. |
| 650 | 1 | 4 |
_aPoblación _xEstadísticas _zMéxico (D.F.). _989387 |
| 650 | 1 | 4 |
_aPoblación _zMéxico (D.F.). _989427 |
| 901 | _aBK | ||
| 905 | _aMarco A. Mendoza T. | ||
| 911 | _aCustodia | ||
| 999 |
_c87192 _d87192 |
||